[Event "Int. Championship of Central Serbia - OP"]
[Site "Paracin"]
[Date "2011.07.09"]
[Round "2.33"]
[White "Antic, Dragan"]
[Black "Pantelic, Sasa"]
[Result "1/2-1/2"]
[WhiteElo "2144"]
[BlackElo "2364"]
[PlyCount "71"]
[EventDate "2011.07.08"]

1. d4 Nf6 2. c4 g6 3. Nf3 Bg7 4. g3 O-O 5. Bg2 d6 6. O-O Nc6 7. Nc3 Bg4 8. h3
Bxf3 9. Bxf3 Nd7 10. e3 e5 11. Ne2 f5 12. Bd5+ Kh8 13. b3 Qe7 14. Bb2 Nf6 15.
dxe5 dxe5 16. Qc1 Nb4 17. Bxb7 Rab8 18. Bg2 Nd3 19. Qc2 Nxb2 20. Qxb2 Nd7 21.
Rad1 e4 22. Qd2 Ne5 23. Qa5 c6 24. Rd2 g5 25. Rfd1 Rbc8 26. Kh2 f4 27. exf4
Nf3+ 28. Bxf3 exf3 29. Nd4 gxf4 30. Nf5 fxg3+ 31. fxg3 Qg5 32. g4 Rce8 33. Qxa7
Rxf5 34. gxf5 Be5+ 35. Kh1 Qxf5 36. Qd7 1/2-1/2

[Event "Int. Championship of Central Serbia - OP"]
[Site "Paracin"]
[Date "2011.07.09"]
[Round "2.34"]
[White "Sarenac, David"]
[Black "Colovic, Zoran"]
[Result "0-1"]
[WhiteElo "2315"]
[BlackElo "2154"]
[PlyCount "137"]
[EventDate "2011.07.08"]

1. e4 c5 2. Nf3 Nc6 3. d4 cxd4 4. Nxd4 Nf6 5. Nc3 e5 6. Ndb5 d6 7. Bg5 a6 8.
Na3 b5 9. Nd5 Qa5+ 10. Bd2 Qd8 11. Bg5 Qa5+ 12. Bd2 Qd8 13. Nxf6+ Qxf6 14. c4
Qg6 15. f3 Be7 16. Be3 O-O 17. Qd2 bxc4 18. Bxc4 d5 19. Qxd5 Rd8 20. Qxf7+ Qxf7
21. Bxf7+ Kxf7 22. Nc4 Be6 23. Rc1 Rab8 24. O-O Bxc4 25. Rxc4 Nd4 26. b3 Rbc8
27. Ra4 Rc2 28. Rxa6 Ne2+ 29. Kh1 Rd3 30. Bf2 Nf4 31. Bg3 Rdd2 32. a4 Rxg2 33.
Ra7 Rgd2 34. Ra5 Ke6 35. Rb5 Bc5 36. b4 Bf2 37. Bxf4 exf4 38. Rh5 h6 39. a5 Bd4
40. Rb1 Be5 41. a6 Rb2 42. Ra1 Ra2 43. Rxa2 Rxa2 44. b5 Ra5 45. Rf5 Rxb5 46.
Rf8 Ra5 47. Ra8 Bd4 48. Kg2 Ra2+ 49. Kh3 g5 50. Kg4 Kf6 51. e5+ Kxe5 52. h4
Rg2+ 53. Kh5 gxh4 54. a7 Bxa7 55. Rxa7 h3 56. Re7+ Kf6 57. Re1 Rg3 58. Kh4 Kf5
59. Ra1 Rxf3 60. Ra5+ Ke4 61. Ra4+ Ke3 62. Ra2 Rg3 63. Ra3+ Kf2 64. Ra4 h2 65.
Ra2+ Kg1 66. Ra1+ Kg2 67. Ra2+ Kh1 68. Rb2 Rf3 69. Kg4 0-1

[Event "Int. Championship of Central Serbia - OP"]
[Site "Paracin"]
[Date "2011.07.09"]
[Round "2.35"]
[White "Stanojevic, Branko"]
[Black "Tonic, Milos"]
[Result "1-0"]
[WhiteElo "2292"]
[BlackElo "2151"]
[PlyCount "59"]
[EventDate "2011.07.08"]

1. d4 Nf6 2. c4 c5 3. Nf3 cxd4 4. Nxd4 e5 5. Nc2 Nc6 6. Nc3 d6 7. Bg5 Be6 8.
Ne3 Qa5 9. Bxf6 gxf6 10. Ned5 Bxd5 11. cxd5 Ne7 12. e4 a6 13. Bd3 Rg8 14. Qf3
Rc8 15. O-O Ng6 16. g3 Nf4 17. Rfd1 Qb4 18. Rab1 Nxd3 19. Rxd3 Ke7 20. Qf5 Qc4
21. Rf3 Rg6 22. h4 Bg7 23. Rc1 Rc5 24. Kg2 b5 25. b3 Qb4 26. Ne2 Rxc1 27. Nxc1
Qc5 28. Ne2 b4 29. g4 h5 30. g5 1-0

[Event "Int. Championship of Central Serbia - OP"]
[Site "Paracin"]
[Date "2011.07.09"]
[Round "2.38"]
[White "Cvetanovic, Uros"]
[Black "Ratkovic, Miloje"]
[Result "1-0"]
[WhiteElo "2232"]
[BlackElo "2132"]
[PlyCount "55"]
[EventDate "2011.07.08"]

1. e4 c6 2. Nf3 d5 3. exd5 cxd5 4. Ne5 Nc6 5. d4 Nf6 6. c3 g6 7. Bd3 Bg7 8. O-O
O-O 9. f4 Nd7 10. Nf3 Nf6 11. Nbd2 Nh5 12. Ne5 Nxe5 13. dxe5 Bh6 14. Nb3 Ng7
15. g4 Ne8 16. f5 Bxc1 17. Qxc1 Qc7 18. Qf4 Ng7 19. fxg6 hxg6 20. Rae1 f5 21.
Qg5 Bd7 22. Nd4 Qb6 23. Qxe7 Be6 24. Kh1 Rae8 25. Qg5 Qxb2 26. gxf5 Qxc3 27.
Nxe6 Nxe6 28. Qxg6+ 1-0

[Event "Int. Championship of Central Serbia - OP"]
[Site "Paracin"]
[Date "2011.07.09"]
[Round "2.39"]
[White "Milosevic, Rade"]
[Black "Radosavljevic, Slobodan D"]
[Result "1/2-1/2"]
[WhiteElo "2105"]
[BlackElo "2223"]
[PlyCount "76"]
[EventDate "2011.07.08"]

1. Nf3 Nf6 2. c4 g6 3. Nc3 Bg7 4. g3 O-O 5. Bg2 d6 6. O-O e5 7. d4 Nc6 8. h3 h6
9. Be3 Kh7 10. dxe5 dxe5 11. Qxd8 Rxd8 12. Rad1 Be6 13. b3 a5 14. a4 Ne8 15.
Nb5 Nb4 16. Bc5 f5 17. Be7 Rxd1 18. Rxd1 Nc6 19. Bc5 e4 20. Ne1 b6 21. Be3 Nb4
22. f3 c6 23. Na3 exf3 24. Bxf3 Rb8 25. Kf2 Nf6 26. Rd6 Bg8 27. Nec2 b5 28.
axb5 Nxc2 29. Nxc2 cxb5 30. cxb5 Rxb5 31. Nd4 Rb4 32. Ra6 Ne4+ 33. Bxe4 Bxd4
34. Bxd4 Rxd4 35. Ra7+ Kh8 36. Bd3 Bxb3 37. Rxa5 Bf7 38. Ke3 Rb4 1/2-1/2

[Event "Int. Championship of Central Serbia - OP"]
[Site "Paracin"]
[Date "2011.07.09"]
[Round "2.40"]
[White "Jovanovic, Bojan P"]
[Black "Zekaj, Dritan"]
[Result "1/2-1/2"]
[WhiteElo "2222"]
[BlackElo "2120"]
[PlyCount "117"]
[EventDate "2011.07.08"]

1. c4 Nf6 2. Nc3 d5 3. cxd5 Nxd5 4. g3 Nb6 5. Bg2 g6 6. Nf3 Bg7 7. O-O O-O 8.
d3 Nc6 9. Be3 Bg4 10. Qd2 Qd7 11. Bh6 Bh3 12. Ne4 Bxg2 13. Kxg2 Qd5 14. Rfc1
Nd7 15. Bxg7 Kxg7 16. b4 Rac8 17. Nc5 Nce5 18. Qb2 f6 19. e4 Qd6 20. Nxe5 Nxe5
21. d4 Nc6 22. Nxb7 Qxd4 23. Qxd4 Nxd4 24. Rc4 e5 25. Rac1 c6 26. Na5 Ne2 27.
R1c2 Nd4 28. R2c3 Ne2 29. Ra3 Nd4 30. Nb3 Nxb3 31. Rxb3 Rc7 32. Rbc3 Rfc8 33.
Rc5 Kf7 34. b5 Ke6 35. bxc6 Kd6 36. Rd5+ Ke6 37. Ra5 h5 38. h4 Kd6 39. f4 exf4
40. gxf4 Rxc6 41. Rd3+ Ke6 42. Rxa7 Rc2+ 43. Kg3 Re2 44. Ra6+ Ke7 45. Ra7+ Ke6
46. Ra6+ Kf7 47. Ra4 Rcc2 48. Rda3 Rg2+ 49. Kf3 Rgf2+ 50. Ke3 Rfe2+ 51. Kd4
Red2+ 52. Rd3 Rxa2 53. Rb4 Rxd3+ 54. Kxd3 Rh2 55. Rb7+ Ke6 56. Rb6+ Ke7 57.
Rb7+ Ke6 58. Rb6+ Ke7 59. Rb7+ 1/2-1/2

[Event "Int. Championship of Central Serbia - OP"]
[Site "Paracin"]
[Date "2011.07.09"]
[Round "2.42"]
[White "Djosic, Slavoljub"]
[Black "Pregarac, Valter"]
[Result "1/2-1/2"]
[WhiteElo "2213"]
[BlackElo "2105"]
[PlyCount "77"]
[EventDate "2011.07.08"]

1. Nf3 Nf6 2. b3 b6 3. g3 Bb7 4. Bg2 e6 5. O-O Be7 6. Bb2 c5 7. d3 Nc6 8. e4 d6
9. Nbd2 Qc7 10. Qe2 O-O 11. Ne1 Nd7 12. f4 Bf6 13. c3 b5 14. Ndf3 b4 15. c4
Bxb2 16. Qxb2 e5 17. Nc2 a5 18. Ne3 Nd4 19. Bh3 Nf6 20. Nxd4 cxd4 21. Nf5 Bc8
22. fxe5 dxe5 23. Rac1 Qc5 24. Qd2 Be6 25. g4 g6 26. Nh4 Kg7 27. Nf3 Bd7 28.
Qg2 g5 29. Qg3 a4 30. Rf2 axb3 31. axb3 Be6 32. Rcf1 h6 33. Bg2 Nd7 34. Nd2 Ra3
35. Rb1 Rfa8 36. Qf3 Ra1 37. Rxa1 Rxa1+ 38. Rf1 Rxf1+ 39. Bxf1 1/2-1/2

[Event "Int. Championship of Central Serbia - OP"]
[Site "Paracin"]
[Date "2011.07.09"]
[Round "2.43"]
[White "Vucinic, Gojko"]
[Black "Steiner, Bruno"]
[Result "1-0"]
[WhiteElo "2081"]
[BlackElo "2207"]
[PlyCount "64"]
[EventDate "2011.07.08"]

1. e4 e5 2. Nf3 Nc6 3. Bb5 a6 4. Ba4 b5 5. Bb3 Bc5 6. O-O d6 7. c3 Bg4 8. Bd5
Qd7 9. Bxc6 Qxc6 10. Nxe5 dxe5 11. Qxg4 Nf6 12. Qf3 Qxe4 13. Qxe4 Nxe4 14. d4
exd4 15. Re1 f5 16. f3 O-O 17. fxe4 fxe4 18. cxd4 Bxd4+ 19. Kh1 e3 20. Nc3 Rae8
21. g3 c6 22. Rb1 h6 23. Ne2 Bb6 24. b4 Rf2 25. Rb3 Rd8 26. Bxe3 Bxe3 27. Rxe3
Rd2 28. Kg1 Rf8 29. Nf4 g5 30. R1e2 Rd1+ 31. Re1 Rd6 32. Ng2 Rf5 1-0

[Event "Int. Championship of Central Serbia - OP"]
[Site "Paracin"]
[Date "2011.07.09"]
[Round "2.44"]
[White "Markovic, Sasa"]
[Black "Shabanaj, Eglantina"]
[Result "1-0"]
[WhiteElo "2198"]
[BlackElo "2084"]
[PlyCount "99"]
[EventDate "2011.07.08"]

1. d4 d5 2. Bg5 c6 3. e3 Qb6 4. Qc1 Bf5 5. Nf3 f6 6. Bf4 g5 7. Bg3 h5 8. h4 g4
9. Nfd2 Nd7 10. c4 e5 11. c5 Qd8 12. Nc3 Bh6 13. Be2 Qe7 14. O-O Qg7 15. b4 a6
16. a4 Ne7 17. Qb2 O-O 18. Nb3 Rfb8 19. b5 a5 20. Qd2 Qg6 21. Ra2 Re8 22. Rb2
Be6 23. Bd3 e4 24. Bb1 Nf5 25. Ne2 cxb5 26. axb5 a4 27. Na1 Nxg3 28. fxg3 Nb8
29. Nc2 Qf7 30. Qb4 Bf8 31. Qc3 Rc8 32. Ba2 Nd7 33. Qd2 f5 34. Nf4 Nf6 35. Nxe6
Qxe6 36. Qf2 Be7 37. Qxf5 Qxf5 38. Rxf5 b6 39. Nb4 Kg7 40. Nc6 Bd8 41. Rbf2
bxc5 42. dxc5 Rxc6 43. bxc6 Be7 44. Rg5+ Kh6 45. Re5 Ng8 46. Rxd5 Rc8 47. Re5
Bf6 48. Rxe4 Bc3 49. Bxg8 Rxg8 50. Rxa4 1-0

[Event "Int. Championship of Central Serbia - OP"]
[Site "Paracin"]
[Date "2011.07.09"]
[Round "2.45"]
[White "Rodic, Dragan"]
[Black "Wilke, Werner"]
[Result "0-1"]
[WhiteElo "2063"]
[BlackElo "2198"]
[Annotator "Rubinstein,Helena"]
[PlyCount "132"]
[EventDate "2011.07.08"]

1. d4 d5 2. c4 c6 3. cxd5 cxd5 4. Nf3 Nf6 5. e3 Nc6 6. Nc3 e6 7. a3 Bd6 8. b4
O-O 9. Be2 a6 10. Bb2 e5 11. dxe5 Nxe5 12. Na4 Nc4 13. Bd4 b5 14. Nc5 Nd7 15.
Nd3 Re8 16. O-O Nf8 17. Nc5 Ne6 18. Nb3 Nxd4 19. Nbxd4 Bd7 20. Nb3 Bf5 21. g3
Be4 22. Nbd2 Bf5 23. Nd4 Bh3 24. Re1 Rc8 25. Bf3 Be5 26. N2b3 Bf6 27. Bg4 Bxg4
28. Qxg4 g6 29. Ra2 h5 30. Qf3 Ne5 31. Qg2 Qd6 32. Nc5 Nc4 33. Rd1 Re7 34. a4
bxa4 35. Nc2 Rd8 36. Nxa4 Rc7 37. Nc5 a5 38. Ne4 Qe7 39. Nxf6+ Qxf6 40. bxa5
Nb2 41. Rd2 Qc3 42. f3 Nc4 43. Re2 Nxa5 44. Qf2 Rb8 45. Kg2 Nb3 46. Nd4 Nxd4
47. exd4 Rc4 48. Rac2 Qxd4 49. Qxd4 Rxd4 50. Rc7 Rc4 51. Rd7 d4 52. Ree7 Rf8
53. f4 Kg7 54. Kf3 Kf6 55. Ke4 Rc2 56. Kxd4 Rxh2 57. Ke3 Ra2 58. Kf3 Ra3+ 59.
Kg2 Ra6 60. Rb7 Rc6 61. Rec7 Rd6 62. Kh3 Rd3 63. Rb6+ Kf5 64. Rc5+ Ke4 65. Re5+
Kf3 66. Rb1 Rc3 {Necitko} 0-1

[Event "Int. Championship of Central Serbia - OP"]
[Site "Paracin"]
[Date "2011.07.09"]
[Round "2.46"]
[White "Milovanovic, Srboljub"]
[Black "Bolt, Graham"]
[Result "1/2-1/2"]
[WhiteElo "2196"]
[BlackElo "2074"]
[PlyCount "180"]
[EventDate "2011.07.08"]

1. d4 g6 2. c4 Bg7 3. Nc3 d6 4. e4 a6 5. Be3 b6 6. Qd2 Bb7 7. f3 Nd7 8. Nge2 c5
9. d5 Ne5 10. Ng3 h5 11. Be2 Bh6 12. f4 Ng4 13. Bxg4 hxg4 14. Qe2 Bc8 15. f5
gxf5 16. exf5 Nf6 17. Bxh6 Rxh6 18. Qe3 Rh8 19. Nce4 Nxe4 20. Qxe4 Kd7 21. Qxg4
Qg8 22. Qxg8 Rxg8 23. O-O-O b5 24. cxb5 axb5 25. a3 Rg4 26. Rhe1 b4 27. axb4
Rxb4 28. Kb1 Rba4 29. Re3 Ra1+ 30. Kc2 Rxd1 31. Kxd1 Bb7 32. Rd3 Ra1+ 33. Kc2
Rg1 34. Rd2 Re1 35. Ne2 Ba6 36. Nf4 Rf1 37. g3 Kd8 38. Kc3 Rf3+ 39. Kc2 Bc8 40.
f6 Bf5+ 41. Kd1 exf6 42. Ke2 Bg4 43. Ke1 Rb3 44. Kf2 Rf3+ 45. Kg2 Rb3 46. Rf2
Ke7 47. h3 Bc8 48. g4 Bb7 49. Kh2 Kf8 50. Rd2 Re3 51. Nh5 Ke7 52. Kg2 Re5 53.
Nf4 Re3 54. Kf2 Rb3 55. Kg2 Re3 56. Ne2 Re5 57. Nc3 Rg5 58. Kf3 f5 59. Kf4 f6
60. Re2+ Kf7 61. Re6 Bxd5 62. Rxd6 Be6 63. gxf5 Rxf5+ 64. Kg3 Rg5+ 65. Kh2 Rh5
66. Rd3 Rh4 67. Re3 Rd4 68. Ne4 c4 69. Nc5 Bf5 70. b3 Rd5 71. Na4 Ra5 72. Nb6
cxb3 73. Rxb3 Be6 74. Rc3 Ra2+ 75. Kg3 Rb2 76. Na4 Rb3 77. h4 Rxc3+ 78. Nxc3
Kg6 79. Ne2 Bb3 80. Kh3 Bd1 81. Nd4 f5 82. Kg3 Bh5 83. Ne6 Bd1 84. Nf4+ Kf6 85.
Kf2 Ke5 86. Ke3 Bg4 87. Nd3+ Kf6 88. Kf4 Kg6 89. Kg3 Kf6 90. Nf2 Kg6 1/2-1/2

[Event "Int. Championship of Central Serbia - OP"]
[Site "Paracin"]
[Date "2011.07.09"]
[Round "2.47"]
[White "Suc, Timothy"]
[Black "Rotoni, Matteo"]
[Result "0-1"]
[WhiteElo "2025"]
[BlackElo "2180"]
[PlyCount "58"]
[EventDate "2011.07.08"]

1. e4 e6 2. Qe2 c5 3. Nf3 Nc6 4. d3 Nge7 5. g3 g6 6. Bg5 Bg7 7. c3 d6 8. Bg2 e5
9. O-O h6 10. Be3 O-O 11. Qd2 Kh7 12. a3 f5 13. exf5 Nxf5 14. b4 cxb4 15. axb4
d5 16. Bc5 Re8 17. b5 b6 18. Ba3 Na5 19. Qc2 a6 20. bxa6 Bxa6 21. Re1 Qc7 22.
Nbd2 Bb7 23. Bb2 Nd4 24. Qd1 Ne6 25. Nh4 Nc5 26. Nf1 e4 27. dxe4 dxe4 28. Qg4
Qf7 29. Re2 h5 0-1

[Event "Int. Championship of Central Serbia - OP"]
[Site "Paracin"]
[Date "2011.07.09"]
[Round "2.49"]
[White "Jeremic, Milan"]
[Black "Kalinic, Dusan"]
[Result "1-0"]
[WhiteElo "2172"]
[BlackElo "2009"]
[PlyCount "89"]
[EventDate "2011.07.08"]

1. d4 Nf6 2. g3 e6 3. Bg2 Be7 4. Nf3 d5 5. O-O O-O 6. b3 b6 7. Bb2 Bb7 8. c4
Nbd7 9. cxd5 exd5 10. Nc3 Ne4 11. Rc1 Nxc3 12. Bxc3 Ba3 13. Rc2 Nf6 14. Ne5 Ne4
15. Be1 c5 16. f3 Nf6 17. e3 a5 18. g4 Nd7 19. Bg3 Nxe5 20. dxe5 Qe7 21. f4
Rfd8 22. Qe1 d4 23. Bh4 f6 24. exf6 gxf6 25. Bxb7 Qxb7 26. Bxf6 Re8 27. Qh4
Rxe3 28. Qg5+ Kf8 29. Be5 Qf7 30. Qh6+ Kg8 31. Qxb6 Qg6 32. Qb7 Re8 33. g5 Qf7
34. Qc6 Bb4 35. g6 hxg6 36. Rg2 Kh7 37. Rg4 Rh3 38. Qg2 Rh5 39. Rf3 Qf5 40.
Rgg3 Be1 41. Rf1 Rxe5 42. fxe5 Qxe5 43. Rxg6 Rf5 44. Rg7+ Kh6 45. Qg6# 1-0

[Event "Int. Championship of Central Serbia - OP"]
[Site "Paracin"]
[Date "2011.07.09"]
[Round "2.51"]
[White "Kolbert, Engelbert"]
[Black "Markoja, Sebastijan"]
[Result "1/2-1/2"]
[WhiteElo "2161"]
[BlackElo "1923"]
[PlyCount "80"]
[EventDate "2011.07.08"]

1. e4 e5 2. Nf3 Nc6 3. Bc4 Nf6 4. d4 exd4 5. O-O Nxe4 6. Re1 d5 7. Bxd5 Qxd5 8.
Nc3 Qh5 9. Nxe4 Be6 10. Bg5 Bd6 11. h3 O-O 12. Nxd4 Qxd1 13. Raxd1 Nxd4 14.
Nxd6 Nxc2 15. Re2 cxd6 16. Rxc2 d5 17. Rc7 b6 18. f4 Rfc8 19. Rdc1 d4 20. g4 h6
21. Bh4 d3 22. Rxc8+ Rxc8 23. Rxc8+ Bxc8 24. Kf2 h5 25. f5 g6 26. fxg6 fxg6 27.
gxh5 gxh5 28. Ke3 Bf5 29. Bg3 Kf7 30. Bb8 a6 31. h4 Ke6 32. Bc7 b5 33. a3 Kd5
34. Kd2 Kc4 35. Be5 Kb3 36. Bc3 Bg6 37. Bf6 a5 38. Bc3 b4 39. axb4 axb4 40. Bf6
Bf5 1/2-1/2

[Event "Int. Championship of Central Serbia - OP"]
[Site "Paracin"]
[Date "2011.07.09"]
[Round "2.52"]
[White "Gjergji, Rozana"]
[Black "Mladenovic, Stefan"]
[Result "0-1"]
[WhiteElo "1937"]
[BlackElo "2161"]
[PlyCount "66"]
[EventDate "2011.07.08"]

1. e4 c5 2. Nf3 d6 3. d4 cxd4 4. Nxd4 Nf6 5. Nc3 g6 6. Bb5+ Bd7 7. Bxd7+ Qxd7
8. O-O Bg7 9. Qe2 O-O 10. f4 Nc6 11. Nf3 Rac8 12. Bd2 Ne8 13. Rad1 Qd8 14. Kh1
Na5 15. Nd5 Nc4 16. Bc1 e6 17. Ne3 Nxe3 18. Bxe3 Qa5 19. c3 Qxa2 20. e5 dxe5
21. fxe5 Nc7 22. Bc5 Rfd8 23. Nd4 Nd5 24. Bd6 Qc4 25. Qf3 Rd7 26. Rf2 b5 27.
Qh3 Re8 28. Rf3 Qa2 29. Nxb5 Qb3 30. Rfd3 Qxb5 31. c4 Qxc4 32. Rxd5 Bxe5 33. b3
Qe4 0-1

[Event "Int. Championship of Central Serbia - OP"]
[Site "Paracin"]
[Date "2011.07.09"]
[Round "2.53"]
[White "Savic, Dragan"]
[Black "Todorovic, Nenad I"]
[Result "0-1"]
[WhiteElo "2160"]
[BlackElo "1884"]
[PlyCount "98"]
[EventDate "2011.07.08"]

1. c3 Nf6 2. d4 e6 3. Nd2 c5 4. e4 cxd4 5. cxd4 d6 6. Ngf3 Be7 7. Bd3 Nbd7 8.
O-O e5 9. dxe5 Nxe5 10. Bb5+ Nfd7 11. Nxe5 dxe5 12. Nc4 Qc7 13. Qd5 O-O 14.
Bxd7 Bxd7 15. Nxe5 Be6 16. Qd4 Rfd8 17. Qc3 Qxc3 18. bxc3 Rac8 19. Be3 b6 20.
Bd4 Ba3 21. Nd3 b5 22. Rfd1 a5 23. Bb6 Rd6 24. Bxa5 Ra6 25. Bb4 Bxb4 26. Nxb4
Ra3 27. Rac1 Kf8 28. Rd3 Bxa2 29. Ra1 Rca8 30. Nc6 Bd5 31. Rad1 Bxc6 32. f3 Ra1
33. h4 Rxd1+ 34. Rxd1 Ra3 35. Rc1 Ke7 36. Kf2 Kd6 37. Ke3 Kc5 38. Kd2 Kc4 39.
g4 Ra8 40. Ke2 Kb3 41. e5 Ra2+ 42. Ke3 Rc2 43. Rb1+ Kxc3 44. f4 b4 45. f5 b3
46. g5 b2 47. e6 fxe6 48. f6 gxf6 49. gxf6 Be8 0-1